Guess featuring billie eilish - Charli XCX - Statistics

General Stats
  • This quiz has been taken 987 times
  • The average score is 269 of 334
Answer Stats
Lyrics % Correct
guess
99%
Guess
99%
I
99%
the
99%
The
99%
you
99%
Outro | Verse 1 You
99%
it
98%
of
98%
when
98%
color
97%
know
97%
my
97%
there
97%
underwear
97%
wanna
97%
what
96%
down
95%
got
94%
on
94%
all
93%
goin
93%
in
93%
to
93%
lick
91%
Is
90%
your
89%
pink
88%
and
86%
see
86%
or
85%
pretty
85%
so
85%
about
84%
back
83%
pull
83%
Pull
83%
I'm
82%
showin
82%
tattoo
82%
bite
81%
get
81%
through
81%
up
81%
mouth
80%
put
80%
Put
80%
side
80%
spit
80%
Billie
79%
lower
79%
new
79%
off
79%
out
78%
Try
78%
try
78%
brand
77%
south
75%
with
75%
black
74%
for
74%
have
74%
Tokyo
72%
Verse 2 Don't
71%
little
71%
talkin
71%
Wear
71%
Already
70%
Intro Hey
70%
it's
70%
It's
70%
this
70%
em
68%
pair
67%
that's
67%
lacy
66%
them
66%
ones
65%
shit
65%
think
65%
picked
64%
bows
63%
turn
63%
Charli
62%
saw
58%
were
58%
we're
58%
they
57%
boys
56%
but
56%
likes
56%
she
56%
sat
54%
hit
53%
thinkin
53%
Bridge | Chorus Yeah
52%
yeah
52%
I'd
51%
knows
51%
you've
51%
tell
50%
now
49%
peekin
49%
gonna
48%
right
48%
Eat
46%
delicious
45%
me
45%
if
44%
Kiss
44%
might
44%
post
43%
they're
43%
lunch
42%
remix
38%
can
37%
you're
36%
he's
34%
Send
34%
password
32%
serious
32%
song
32%
Google
31%
been
30%
Drive
30%
fit
30%
address
29%
Dare
29%
at
27%
call
27%
party
27%
textin
27%
tryin
11%
Still
8%
No matching quizzes found
Score Distribution
Percent of People with Each Score
Percentile by Number Answered
Your Score History
You have not taken this quiz